00279nam a2200097Ia 4500008004100000041000800041100003300049245004500082260003500127999001900162241105s9999 xx 000 0 und d aeng aRangarajan Bhaavvyaa9182546 aAffordable Housing An Inclusive Approach bFinal Year B. Arch, BNCAc2014 c360835d360835